| 000 | 00446nam a2200181 4500 | ||
|---|---|---|---|
| 003 | LK-CoMWRAF | ||
| 005 | 20230904223650.0 | ||
| 008 | 230904b1973 |||||||| |||| 00| 0 eng d | ||
| 020 | _a0584106726 | ||
| 040 |
_aLK-CoMWRAF _dLK-CoMWRAF _eLK-CoMWRAF |
||
| 041 | _aeng | ||
| 082 |
_a823 _bSTR |
||
| 100 | _aStrong, Patience | ||
| 245 | _aThoughts go home | ||
| 260 |
_aLondon : _bPatience Strong _c1973 |
||
| 650 | _aEnglish Fiction | ||
| 942 | _cBK | ||
| 999 |
_c3398 _d3398 |
||